000 00408nam a2200157Ia 4500
008 210716s1998 xx 000 0 und d
020 _a0538879025
041 _aeng
082 _a658.4 DAFR
100 _aDaft, Richard L.
245 _aOrganization theory and design.
250 _a6
260 _aOhio
_bSouth western college publishing
_c1998
300 _axiv,701
650 _aOrganisational Behavior
999 _c203077
_d203077